00628nam a2200169 a 450000500170000000800410001705000240005810000250008224500410010726000490014844000210019752000940021865000130031265000100032599900190033595201040035420140414131935.0110119s19uu xx 00 eng d aREF 573.7bP22 2004 aParker, Steve, 1952- aSkeleton /cwritten by Steve Parker. aNew York, N.Y. :bDorling Kindersley,c2004. aEyewitness books aDiscusses the evolution, structure and function of the human and animal skeletal systems. aSkeleton aBones c112414d112414 001040aMUbMUcREFd2011-01-19l0oREF 573.7 P22 2004pM3707r2014-04-14 00:00:00w2014-04-14yBK